[Event "Bay Area int."]
[Site "Santa Clara USA"]
[Date "2014.01.06"]
[Round "7.16"]
[White "Kaufman, Raymond"]
[Black "Wang Jue"]
[Result "0-1"]
[WhiteElo "2301"]
[BlackElo "2396"]
[PlyCount "116"]
[GameId "2130307675678062"]
[EventDate "2014.01.02"]
[EventType "swiss"]
[EventRounds "9"]
[EventCountry "USA"]
[SourceTitle "The Week in Chess 1001"]
[Source "Mark Crowther"]
[SourceDate "2014.01.14"]
[SourceVersion "1"]
[SourceVersionDate "2014.01.14"]
[SourceQuality "2"]

1. Nf3 Nf6 2. c4 b6 3. g3 Bb7 4. Bg2 e5 5. Nc3 Bb4 6. O-O Bxc3 7. bxc3 e4 8. Ng5 h6 9. Nh3 O-O 10. f3 Re8 11. Nf2 exf3 12. exf3 Nc6 13. Ne4 Ne5 14. d3 d5 15. cxd5 Bxd5 16. f4 Ned7 17. Qc2 b5 18. a4 a6 19. Bb2 c5 20. axb5 axb5 21. c4 Rxa1 22. Rxa1 bxc4 23. Nxf6+ Nxf6 24. dxc4 Bxg2 25. Qxg2 Ng4 26. Qc6 Qe7 27. Qf3 Qe2 28. Qxe2 Rxe2 29. Ba3 Nxh2 30. Bxc5 Nf3+ 31. Kf1 Rc2 32. Ra4 Nd2+ 33. Kg1 Nxc4 34. Bf2 h5 35. Ra8+ Kh7 36. Rc8 Kg6 37. Rc5 f6 38. Rc7 Ne3 39. f5+ Kxf5 40. Rxg7 Ng4 41. Ba7 Ke4 42. Rb7 Ne5 43. Bf2 Nd3 44. Re7+ Kf5 45. Bd4 Ne5 46. Bxe5 fxe5 47. Kf1 Ke4 48. Ke1 Rg2 49. Rh7 Ke3 50. Kf1 Rf2+ 51. Ke1 Ra2 52. Kf1 Kf3 53. Rf7+ Kxg3 54. Rf5 h4 55. Rxe5 Ra1+ 56. Ke2 h3 57. Rg5+ Kf4 58. Rh5 h2 0-1

[Event "Bay Area int."]
[Site "Santa Clara USA"]
[Date "2014.01.07"]
[Round "8.19"]
[White "Vibbert, Sean"]
[Black "Kaufman, Raymond"]
[Result "1-0"]
[WhiteElo "2333"]
[BlackElo "2301"]
[PlyCount "63"]
[GameId "2130307675678093"]
[EventDate "2014.01.02"]
[EventType "swiss"]
[EventRounds "9"]
[EventCountry "USA"]
[SourceTitle "The Week in Chess 1001"]
[Source "Mark Crowther"]
[SourceDate "2014.01.14"]
[SourceVersion "1"]
[SourceVersionDate "2014.01.14"]
[SourceQuality "2"]

1. e4 c6 2. d4 d5 3. Nc3 dxe4 4. Nxe4 Nd7 5. Bc4 Ngf6 6. Ng5 e6 7. N1f3 h6 8. Nh3 Bd6 9. Qe2 Qc7 10. g3 g5 11. Ne5 Bxe5 12. dxe5 Qxe5 13. f4 Qxe2+ 14. Bxe2 gxf4 15. Nxf4 b6 16. Bd2 Bb7 17. Bc3 c5 18. O-O O-O 19. Rad1 Rad8 20. Bb5 Nd5 21. Bxd7 Rxd7 22. Nh5 Rfd8 23. Be5 Ba6 24. Rf2 f5 25. g4 Kh7 26. gxf5 exf5 27. Rg2 Rf7 28. Nf6+ Nxf6 29. Rxd8 Bb7 30. Rgd2 Ng4 31. Bc3 Be4 32. R2d6 1-0

[Event "Bay Area int."]
[Site "Santa Clara USA"]
[Date "2014.01.08"]
[Round "9.19"]
[White "Kaufman, Raymond"]
[Black "Melekhina, Alisa"]
[Result "1-0"]
[WhiteElo "2301"]
[BlackElo "2188"]
[PlyCount "30"]
[GameId "2130307675682218"]
[EventDate "2014.01.02"]
[EventType "swiss"]
[EventRounds "9"]
[EventCountry "USA"]
[SourceTitle "The Week in Chess 1001"]
[Source "Mark Crowther"]
[SourceDate "2014.01.14"]
[SourceVersion "1"]
[SourceVersionDate "2014.01.14"]
[SourceQuality "2"]

1. d4 Nf6 2. c4 c5 3. d5 b5 4. cxb5 a6 5. bxa6 g6 6. Nc3 Bxa6 7. e4 Bxf1 8. Kxf1 d6 9. g3 Bg7 10. Kg2 O-O 11. Nf3 Nbd7 12. a4 Ra5 13. Qc2 Qa8 14. Nb5 Rc8 15. Nd2 c4 1-0

[Event "DC int."]
[Site "Arlington USA"]
[Date "2013.06.27"]
[Round "1.13"]
[White "Kaufman, Raymond"]
[Black "Patil, Anuprita"]
[Result "1-0"]
[WhiteElo "2350"]
[BlackElo "2075"]
[PlyCount "87"]
[GameId "2130307682942559"]
[EventDate "2013.06.27"]
[EventType "swiss"]
[EventRounds "9"]
[EventCountry "USA"]

1. d4 Nf6 2. c4 g6 3. Nc3 d5 4. Nf3 Bg7 5. Qa4+ c6 6. Bf4 Nbd7 7. cxd5 Nb6 8. Qb3 Nbxd5 9. Be5 O-O 10. e3 Qb6 11. Bc4 Qxb3 12. Bxb3 Bg4 13. Nd2 Rfd8 14. h3 Be6 15. Ke2 Nxc3+ 16. bxc3 Bxb3 17. axb3 Nd5 18. Bxg7 Kxg7 19. Rhc1 a6 20. e4 Nf4+ 21. Ke3 g5 22. g3 Ne6 23. f4 f6 24. Nf3 h6 25. c4 Rac8 26. d5 Nc5 27. Nd4 cxd5 28. cxd5 gxf4+ 29. gxf4 Kf7 30. b4 Nd7 31. Nf5 Nb6 32. Nxh6+ Kg6 33. Rxc8 Rxc8 34. Nf5 Rc3+ 35. Kd4 Rc4+ 36. Kd3 Rxb4 37. Rg1+ Kf7 38. Rg7+ Kf8 39. Rxe7 Nxd5 40. exd5 Rxf4 41. d6 Rxf5 42. Re4 Rf1 43. Ke2 f5 44. d7 1-0

[Event "DC int."]
[Site "Arlington USA"]
[Date "2013.06.28"]
[Round "3.14"]
[White "Kaufman, Raymond"]
[Black "Viswanadha, Kesav"]
[Result "1-0"]
[WhiteElo "2350"]
[BlackElo "2177"]
[PlyCount "61"]
[GameId "2130307682946671"]
[EventDate "2013.06.27"]
[EventType "swiss"]
[EventRounds "9"]
[EventCountry "USA"]

1. d4 Nf6 2. c4 e6 3. Nf3 b6 4. g3 Ba6 5. Qa4 Bb7 6. Bg2 c5 7. dxc5 bxc5 8. O-O Be7 9. Rd1 O-O 10. Bf4 Qb6 11. Nc3 Na6 12. a3 Rfd8 13. Rd2 d5 14. cxd5 exd5 15. Ne5 Nc7 16. Rad1 h6 17. h4 Rac8 18. e3 a6 19. g4 Ne4 20. Nxe4 dxe4 21. Rxd8+ Rxd8 22. Rxd8+ Bxd8 23. Qd7 Qf6 24. Nxf7 Qxf7 25. Qxd8+ Ne8 26. Bh3 Kh7 27. g5 hxg5 28. hxg5 g6 29. Be5 Ng7 30. Qf6 Qg8 31. Bf1 1-0

[Event "DC int."]
[Site "Arlington USA"]
[Date "2013.06.28"]
[Round "4.11"]
[White "Kaufman, Raymond"]
[Black "Aaron, Deepak"]
[Result "1/2-1/2"]
[WhiteElo "2350"]
[BlackElo "2252"]
[PlyCount "129"]
[GameId "2130307682946680"]
[EventDate "2013.06.27"]
[EventType "swiss"]
[EventRounds "9"]
[EventCountry "USA"]

1. d4 d5 2. c4 e6 3. Nf3 Nf6 4. e3 c6 5. Bd3 Nbd7 6. Nbd2 Bd6 7. O-O O-O 8. e4 e5 9. cxd5 cxd5 10. exd5 exd4 11. Ne4 Nxe4 12. Bxe4 Nf6 13. Bg5 Be7 14. Bxf6 Bxf6 15. Nxd4 Qb6 16. Nb3 Bd7 17. Qd2 a5 18. Rac1 h6 19. Rc2 Rfe8 20. Nc5 Bb5 21. Bd3 Bg5 22. Qc3 Rec8 23. Qb3 Rxc5 24. Rxc5 Qxc5 25. Bxb5 Rd8 26. Rd1 Rd6 27. g3 Rf6 28. Rf1 Rd6 29. Bc4 Rb6 30. Qc2 Bf6 31. Re1 Qf8 32. Qa4 Kh7 33. Qd7 g6 34. Re6 Bd4 35. Rxb6 Bxb6 36. Qxb7 Bc5 37. d6 Bxd6 38. Bxf7 Qg7 39. Qd7 Bf8 40. Qe8 Bc5 41. Kg2 h5 42. h4 Qf6 43. Bg8+ Kg7 44. Qd7+ Kxg8 45. Qd5+ Qf7 46. Qxc5 Qxa2 47. Qd4 Kf7 48. f3 Qe6 49. g4 Qe2+ 50. Kg3 Qe1+ 51. Qf2 Qe5+ 52. f4 Qd5 53. gxh5 Qxh5 54. Qa7+ Kf6 55. Qb6+ Kf7 56. Qc7+ Kf6 57. Qd8+ Kf7 58. Qg5 Qe2 59. Qe5 Qd3+ 60. Kf2 Qh3 61. Qd5+ Kg7 62. Qxa5 Qxh4+ 63. Kf3 Qh3+ 64. Ke4 Qg2+ 65. Ke3 1/2-1/2

[Event "DC int."]
[Site "Arlington USA"]
[Date "2013.06.29"]
[Round "5.10"]
[White "Ni, Viktorija"]
[Black "Kaufman, Raymond"]
[Result "1-0"]
[WhiteElo "2228"]
[BlackElo "2350"]
[PlyCount "85"]
[GameId "2130307682946696"]
[EventDate "2013.06.27"]
[EventType "swiss"]
[EventRounds "9"]
[EventCountry "USA"]

1. d4 Nf6 2. c4 c5 3. d5 b5 4. cxb5 a6 5. b6 e6 6. Nc3 Nxd5 7. Nxd5 exd5 8. Qxd5 Nc6 9. e4 Be7 10. Bc4 O-O 11. Nf3 Qxb6 12. O-O d6 13. Qh5 Be6 14. Bd5 Bf6 15. Bg5 g6 16. Qh4 Bg7 17. Bf6 Bxd5 18. exd5 Nb4 19. Rfd1 Bxf6 20. Qxf6 c4 21. Qh4 Nd3 22. Ng5 h5 23. b3 Rac8 24. bxc4 Ne5 25. Rac1 Qb4 26. Ne4 Rxc4 27. Nf6+ Kg7 28. Qg5 Rh8 29. Rxc4 Qxc4 30. h3 Qc2 31. Re1 Qc3 32. Rc1 Qd4 33. Re1 Qc3 34. Rc1 Qd4 35. Re1 Qb4 36. Rd1 Qa4 37. Re1 Qxa2 38. Ne4 Re8 39. Qf6+ Kg8 40. Qxd6 Qa5 41. Nf6+ Kh8 42. Re3 Qa1+ 43. Kh2 1-0

[Event "North American op"]
[Site "Las Vegas USA"]
[Date "2012.12.26"]
[Round "2.7"]
[White "Kaufman, Raymond"]
[Black "Kolev, Atanas"]
[Result "0-1"]
[WhiteElo "2345"]
[BlackElo "2585"]
[PlyCount "62"]
[GameId "2130307688208218"]
[EventDate "2012.12.26"]
[EventType "swiss"]
[EventRounds "9"]
[EventCountry "USA"]

1. d4 Nf6 2. c4 e6 3. Nc3 Bb4 4. e3 O-O 5. Bd3 d5 6. Nf3 c5 7. O-O Nc6 8. a3 Bxc3 9. bxc3 dxc4 10. Bxc4 Qc7 11. Ba2 e5 12. h3 Bf5 13. d5 Rad8 14. Qe2 Na5 15. c4 b5 16. Bb2 Rfe8 17. Bxe5 Rxe5 18. d6 Qxd6 19. Rfd1 Bd3 20. Rxd3 Qxd3 21. Qxd3 Rxd3 22. Nxe5 Rxa3 23. cxb5 Kf8 24. Nc6 c4 25. Nb4 Ra4 26. Nc2 Nd5 27. Bb1 Rxa1 28. Nxa1 Nb3 29. Nc2 Nd2 30. Ba2 Nc3 31. Nb4 Nxb5 0-1

[Event "North American op"]
[Site "Las Vegas USA"]
[Date "2012.12.27"]
[Round "4.26"]
[White "Kaufman, Raymond"]
[Black "Hu, Bryan"]
[Result "1-0"]
[WhiteElo "2345"]
[BlackElo "2154"]
[PlyCount "73"]
[GameId "2130307688208244"]
[EventDate "2012.12.26"]
[EventType "swiss"]
[EventRounds "9"]
[EventCountry "USA"]

1. d4 Nf6 2. c4 c5 3. d5 b5 4. cxb5 a6 5. bxa6 g6 6. Nc3 Bxa6 7. e4 Bxf1 8. Kxf1 d6 9. g3 Bg7 10. Kg2 Nbd7 11. Nf3 O-O 12. a4 Qb6 13. Qe2 Qa6 14. Nb5 Rfb8 15. Bd2 Nb6 16. b3 Ne8 17. Bc3 Bxc3 18. Nxc3 Qxe2 19. Nxe2 Nd7 20. Rhb1 Rb4 21. Nd2 Nc7 22. Nc3 Rab8 23. Kf1 f5 24. exf5 gxf5 25. Re1 Kf7 26. Re3 Ne5 27. Rae1 Rd4 28. Nc4 Ng6 29. h4 h5 30. Rf3 Rxb3 31. Na5 Ra3 32. Rxf5+ Kg7 33. Re3 Kh6 34. Nc6 Rc4 35. Rff3 Na6 36. Nxe7 Ra1+ 37. Kg2 1-0

[Event "North American op"]
[Site "Las Vegas USA"]
[Date "2012.12.28"]
[Round "5.19"]
[White "Schwartz, Ylan"]
[Black "Kaufman, Raymond"]
[Result "1-0"]
[WhiteElo "2239"]
[BlackElo "2345"]
[PlyCount "57"]
[GameId "2130307688208254"]
[EventDate "2012.12.26"]
[EventType "swiss"]
[EventRounds "9"]
[EventCountry "USA"]

1. d4 Nf6 2. c4 e6 3. Nc3 Bb4 4. g3 O-O 5. Bg2 d5 6. Nf3 dxc4 7. O-O c5 8. dxc5 Bxc3 9. bxc3 Qxd1 10. Rxd1 Ne4 11. Rd4 Nxc3 12. Kf1 Nc6 13. Rxc4 Nd5 14. Rb1 Rd8 15. Ke1 Bd7 16. e4 Na5 17. Rc2 Ba4 18. Rd2 Nc3 19. Rb4 Bc2 20. Bb2 Rxd2 21. Kxd2 Nxa2 22. Rb5 Bb1 23. Rxa5 Rd8+ 24. Ke3 Nb4 25. Ne1 f5 26. Bc3 Nd3 27. Rb5 Ba2 28. Rxb7 Nxe1 29. Bxe1 1-0

[Event "USA-op"]
[Site "Vancouver USA"]
[Date "2012.08.06"]
[Round "3"]
[White "Kaufman, Raymond"]
[Black "Van Dyke, Patrick"]
[Result "1-0"]
[WhiteElo "2347"]
[BlackElo "1867"]
[PlyCount "71"]
[GameId "2130307694547857"]
[EventDate "2012.08.04"]
[EventType "swiss"]
[EventRounds "9"]
[EventCountry "USA"]
[SourceTitle "The Week in Chess 927"]
[Source "Mark Crowther"]
[SourceDate "2012.08.13"]
[SourceVersion "1"]
[SourceVersionDate "2012.08.13"]
[SourceQuality "2"]

1. d4 Nf6 2. c4 c5 3. d5 b5 4. cxb5 a6 5. bxa6 g6 6. Nc3 Bxa6 7. e4 Bxf1 8. Kxf1 d6 9. Nf3 Bg7 10. g3 O-O 11. Kg2 Nbd7 12. a4 Ng4 13. Nd2 Nge5 14. Qe2 f5 15. f4 Ng4 16. exf5 gxf5 17. h3 Nh6 18. Re1 Re8 19. Nf3 Nf8 20. Ng5 Qd7 21. Qf3 Reb8 22. Ra3 Rb4 23. Ne6 Qb7 24. Nxg7 Kxg7 25. Re2 Ra7 26. b3 Rxb3 27. Rxb3 Qxb3 28. Bb2 Kg6 29. g4 Nf7 30. gxf5+ Kh6 31. Qg4 Rb7 32. Nb5 Qxd5+ 33. Kh2 Ng6 34. Rg2 Qe4 35. fxg6 Qxg6 36. Qh4+ 1-0

[Event "USA-op"]
[Site "Vancouver USA"]
[Date "2012.08.08"]
[Round "5"]
[White "Kaufman, Raymond"]
[Black "Seirawan, Yasser"]
[Result "0-1"]
[WhiteElo "2347"]
[BlackElo "2620"]
[PlyCount "73"]
[GameId "2130307694552029"]
[EventDate "2012.08.04"]
[EventType "swiss"]
[EventRounds "9"]
[EventCountry "USA"]
[SourceTitle "The Week in Chess 927"]
[Source "Mark Crowther"]
[SourceDate "2012.08.13"]
[SourceVersion "1"]
[SourceVersionDate "2012.08.13"]
[SourceQuality "2"]

1. d4 Nf6 2. c4 e6 3. Nc3 d5 4. cxd5 exd5 5. Bg5 c6 6. e3 h6 7. Bh4 Bf5 8. Qf3 Bg6 9. Bxf6 Qxf6 10. Qxf6 gxf6 11. Nge2 Bd6 12. g3 Nd7 13. Bh3 Nb6 14. O-O-O O-O 15. Nf4 Rfe8 16. Rde1 Bb4 17. Bg4 Nc4 18. Be2 Nd6 19. Bd3 Kg7 20. Re2 a5 21. h4 a4 22. h5 Be4 23. Bxe4 dxe4 24. Rc2 a3 25. b3 f5 26. Rd1 Ra5 27. Kb1 Kf6 28. Rdc1 Kg5 29. Na4 Rd8 30. Nc5 Kg4 31. Na4 Nc8 32. Nc5 Bxc5 33. Rxc5 Rxc5 34. Rxc5 Ne7 35. Kc1 Kf3 36. Ra5 Kxf2 37. Kd2 0-1

[Event "USA-op"]
[Site "Vancouver USA"]
[Date "2012.08.09"]
[Round "6"]
[White "Chan, James"]
[Black "Kaufman, Raymond"]
[Result "1/2-1/2"]
[WhiteElo "2050"]
[BlackElo "2347"]
[PlyCount "55"]
[GameId "2130307694556143"]
[EventDate "2012.08.04"]
[EventType "swiss"]
[EventRounds "9"]
[EventCountry "USA"]
[SourceTitle "The Week in Chess 927"]
[Source "Mark Crowther"]
[SourceDate "2012.08.13"]
[SourceVersion "1"]
[SourceVersionDate "2012.08.13"]
[SourceQuality "2"]

1. e4 e5 2. Nf3 Nc6 3. Bb5 a6 4. Ba4 Nf6 5. O-O Be7 6. Re1 b5 7. Bb3 d6 8. c3 O-O 9. h3 Nb8 10. d4 Nbd7 11. Nbd2 Bb7 12. Bc2 Re8 13. Nf1 Bf8 14. Ng3 g6 15. b3 Bg7 16. Bb2 exd4 17. cxd4 Nb6 18. Qd2 c5 19. Rad1 Nfd7 20. Qf4 Qe7 21. dxc5 Bxb2 22. cxb6 Ne5 23. Nd4 Rac8 24. Bb1 Qd8 25. Qh6 Qxb6 26. Ndf5 gxf5 27. Nxf5 Nf3+ 28. gxf3 1/2-1/2

[Event "USA-op"]
[Site "Vancouver USA"]
[Date "2012.08.10"]
[Round "7"]
[White "Kaufman, Raymond"]
[Black "Karas, Nicholas"]
[Result "1-0"]
[WhiteElo "2347"]
[BlackElo "1996"]
[PlyCount "69"]
[GameId "2130307694556180"]
[EventDate "2012.08.04"]
[EventType "swiss"]
[EventRounds "9"]
[EventCountry "USA"]
[SourceTitle "The Week in Chess 927"]
[Source "Mark Crowther"]
[SourceDate "2012.08.13"]
[SourceVersion "1"]
[SourceVersionDate "2012.08.13"]
[SourceQuality "2"]

1. e4 c5 2. Nf3 d6 3. d4 cxd4 4. Nxd4 Nf6 5. Nc3 a6 6. h3 g6 7. g4 Bg7 8. Be3 O-O 9. Qd2 Nc6 10. f4 Nxd4 11. Bxd4 b5 12. O-O-O Bb7 13. Bg2 b4 14. Na4 e5 15. Bb6 Qe8 16. Qxb4 exf4 17. Nc3 a5 18. Bxa5 f3 19. Bxf3 Qe5 20. Bc7 Qf4+ 21. Kb1 Qxf3 22. Qxb7 Nd7 23. Nb5 Nc5 24. Qd5 Na4 25. Rhf1 Qe2 26. Rde1 Qg2 27. Rxf7 Kh8 28. Bxd6 Nb6 29. Rxf8+ Rxf8 30. Qc6 Rc8 31. Nc7 Qd2 32. Rc1 Qd4 33. c3 Qd3+ 34. Ka1 Nc4 35. Bf4 1-0

[Event "USA-op"]
[Site "Vancouver USA"]
[Date "2012.08.12"]
[Round "9"]
[White "Kaufman, Raymond"]
[Black "Goldberg, Mitchell"]
[Result "1-0"]
[WhiteElo "2347"]
[BlackElo "2254"]
[PlyCount "72"]
[GameId "2130307694556212"]
[EventDate "2012.08.04"]
[EventType "swiss"]
[EventRounds "9"]
[EventCountry "USA"]
[SourceTitle "The Week in Chess 927"]
[Source "Mark Crowther"]
[SourceDate "2012.08.13"]
[SourceVersion "1"]
[SourceVersionDate "2012.08.13"]
[SourceQuality "2"]

1. d4 f5 2. Bg5 g6 3. h4 h6 4. Bf4 Nf6 5. Nc3 Bg7 6. Qd2 d6 7. O-O-O c6 8. e4 fxe4 9. f3 exf3 10. Bd3 Bf5 11. Nxf3 Na6 12. h5 Qa5 13. Rde1 Nxh5 14. Bxd6 O-O-O 15. Bxf5+ Qxf5 16. Nh4 Qg5 17. Qxg5 hxg5 18. Nxg6 exd6 19. Nxh8 Rxh8 20. Re7 Bxd4 21. g4 Kd8 22. Rf7 Ke8 23. Rxb7 Nf4 24. Rxh8+ Bxh8 25. Ne4 Be5 26. Rxa7 d5 27. Nxg5 Nc5 28. Nf3 Bd6 29. Nd4 Ne4 30. Nxc6 Bc5 31. Rb7 Nf6 32. a4 Nxg4 33. a5 Be3+ 34. Kb1 d4 35. a6 d3 36. cxd3 Nxd3 1-0

[Event "Recession Buster op"]
[Site "San Diego USA"]
[Date "2012.02.18"]
[Round "2"]
[White "Kaufman, Raymond"]
[Black "Sevillano, Enrico"]
[Result "1/2-1/2"]
[WhiteElo "2261"]
[BlackElo "2490"]
[PlyCount "73"]
[GameId "2130307700793218"]
[EventDate "2012.02.18"]
[EventType "swiss"]
[EventRounds "6"]
[EventCountry "USA"]
[SourceTitle "EXT 2013"]
[Source "ChessBase"]
[SourceDate "2012.11.22"]
[SourceVersion "1"]
[SourceVersionDate "2012.11.22"]
[SourceQuality "1"]

1. d4 Nf6 2. c4 c5 3. d5 e6 4. Nc3 exd5 5. cxd5 d6 6. Nf3 g6 7. Bf4 Bg7 8. Qa4+ Bd7 9. Qb3 Qc7 10. e4 O-O 11. Nd2 Nh5 12. Be3 f5 13. exf5 Bxf5 14. Be2 Nf6 15. h3 Na6 16. a3 Rae8 17. O-O Bd7 18. Nf3 Nh5 19. Ng5 Nf4 20. Bxf4 Rxf4 21. Nb5 Qb6 22. Ne6 Re4 23. Nxg7 Kxg7 24. Bd3 Bxb5 25. Bxb5 Nc7 26. Qc3+ R8e5 27. Bc4 Rd4 28. Rae1 Ne8 29. f4 Rxe1 30. Rxe1 Nf6 31. Re7+ Kf8 32. Qe3 Qd8 33. Rxb7 Qe8 34. Qxe8+ Kxe8 35. Bb5+ Kf8 36. Rxa7 Nxd5 37. a4 1/2-1/2

[Event "Recession Buster op"]
[Site "San Diego USA"]
[Date "2012.02.20"]
[Round "5"]
[White "Kaufman, Raymond"]
[Black "Peters, Jack"]
[Result "1-0"]
[WhiteElo "2261"]
[BlackElo "2354"]
[PlyCount "77"]
[GameId "2130307700793231"]
[EventDate "2012.02.18"]
[EventType "swiss"]
[EventRounds "6"]
[EventCountry "USA"]
[SourceTitle "EXT 2013"]
[Source "ChessBase"]
[SourceDate "2012.11.22"]
[SourceVersion "1"]
[SourceVersionDate "2012.11.22"]
[SourceQuality "1"]

1. d4 Nf6 2. c4 e6 3. Nf3 b6 4. g3 Bb7 5. Bg2 Be7 6. O-O O-O 7. Re1 d5 8. cxd5 exd5 9. Nc3 c5 10. Bf4 a6 11. dxc5 Bxc5 12. Ne5 Nbd7 13. Nxd7 Qxd7 14. e3 Rad8 15. Bg5 Be7 16. Qd4 Qe6 17. Rad1 b5 18. Ne2 h6 19. Nf4 Qc8 20. Bxf6 Bxf6 21. Qb4 d4 22. Bxb7 Qxb7 23. exd4 Qb6 24. Re4 Rc8 25. Nd5 Qd8 26. Nxf6+ Qxf6 27. Rf4 Qe6 28. d5 Qe2 29. Re1 Qc2 30. d6 Rfd8 31. h4 Rc4 32. Rxc4 bxc4 33. Qb6 Rd7 34. Qc6 Qf5 35. Re7 Rd8 36. Re8+ Rxe8 37. Qxe8+ Kh7 38. d7 Qb1+ 39. Kg2 1-0

[Event "National Chess Congress"]
[Site "Philadelphia USA"]
[Date "2010.11.27"]
[Round "3"]
[White "Kaufman, Raymond"]
[Black "Kudrin, Sergey"]
[Result "0-1"]
[WhiteElo "2294"]
[BlackElo "2543"]
[PlyCount "44"]
[GameId "2129405074117196"]
[EventDate "2010.11.26"]
[EventType "swiss"]
[EventRounds "6"]
[EventCountry "USA"]
[SourceTitle "The Week in Chess 838"]
[Source "Mark Crowther"]
[SourceDate "2010.11.29"]
[SourceVersion "1"]
[SourceVersionDate "2010.11.29"]
[SourceQuality "2"]

1. d4 Nf6 2. Nf3 g6 3. Bf4 Bg7 4. e3 O-O 5. Be2 d6 6. h3 c5 7. Nbd2 Nc6 8. c3 cxd4 9. cxd4 Be6 10. O-O Qb6 11. Ng5 Bd5 12. e4 h6 13. exd5 Nxd5 14. Be3 Nxe3 15. fxe3 hxg5 16. Ne4 Bh6 17. Bc4 Rad8 18. Bb3 d5 19. Nc3 e6 20. Qf3 Na5 21. Rf2 Nxb3 22. axb3 a6 0-1

[Event "Continental Class ch"]
[Site "Arlington USA"]
[Date "2010.10.08"]
[Round "2"]
[White "Ivanov, Alexander"]
[Black "Kaufman, Raymond"]
[Result "1-0"]
[WhiteElo "2532"]
[BlackElo "2307"]
[PlyCount "53"]
[GameId "2129405075247426"]
[EventDate "2010.10.07"]
[EventType "swiss"]
[EventRounds "9"]
[EventCountry "USA"]
[SourceTitle "The Week in Chess 831"]
[Source "Mark Crowther"]
[SourceDate "2010.10.11"]
[SourceVersion "1"]
[SourceVersionDate "2010.10.11"]
[SourceQuality "2"]

1. e4 c5 2. Nf3 d6 3. d4 cxd4 4. Nxd4 Nf6 5. Nc3 a6 6. g3 e5 7. Nde2 Be7 8. Bg2 O-O 9. a4 b6 10. h3 Bb7 11. g4 Nbd7 12. Ng3 Nc5 13. h4 Rc8 14. g5 Nfd7 15. Nf5 Ne6 16. Be3 Re8 17. Nxd6 Bxd6 18. Qxd6 Nd4 19. Bxd4 Rc6 20. Bxb6 Qc8 21. Qd3 Nxb6 22. Bh3 Qb8 23. O-O-O Bc8 24. Nd5 Bxh3 25. Rxh3 Nxa4 26. Qa3 Nc5 27. Rc3 1-0

[Event "Continental Class ch"]
[Site "Arlington USA"]
[Date "2010.10.08"]
[Round "3"]
[White "Kaufman, Raymond"]
[Black "De Fotis, Gary"]
[Result "1/2-1/2"]
[WhiteElo "2307"]
[BlackElo "2075"]
[PlyCount "67"]
[GameId "2129405075247444"]
[EventDate "2010.10.07"]
[EventType "swiss"]
[EventRounds "9"]
[EventCountry "USA"]
[SourceTitle "The Week in Chess 831"]
[Source "Mark Crowther"]
[SourceDate "2010.10.11"]
[SourceVersion "1"]
[SourceVersionDate "2010.10.11"]
[SourceQuality "2"]

1. Nf3 Nf6 2. c4 c5 3. g3 g6 4. Bg2 Bg7 5. O-O O-O 6. d4 cxd4 7. Nxd4 Nc6 8. Nc2 d6 9. Nc3 Be6 10. b3 a6 11. a4 Rb8 12. Rb1 Qd7 13. e4 Rfc8 14. Qe2 Na5 15. Ne3 Ng4 16. Ncd5 b5 17. axb5 axb5 18. cxb5 Nxe3 19. Bxe3 Bxd5 20. exd5 Qxb5 21. Qxb5 Rxb5 22. Rfc1 Rxc1+ 23. Rxc1 f5 24. Bf1 Rxb3 25. Rc8+ Kf7 26. Ra8 Nb7 27. Ra7 Be5 28. Kg2 Kf6 29. h4 Kf7 30. Ba6 Nd8 31. Ra8 Nb7 32. Ra7 Nd8 33. Ra8 Nb7 34. Ra7 1/2-1/2

[Event "Continental Class ch"]
[Site "Arlington USA"]
[Date "2010.10.09"]
[Round "5"]
[White "Kaufman, Raymond"]
[Black "Holroyd, Kenneth"]
[Result "1-0"]
[WhiteElo "2307"]
[BlackElo "2120"]
[PlyCount "45"]
[GameId "2129405075247471"]
[EventDate "2010.10.07"]
[EventType "swiss"]
[EventRounds "9"]
[EventCountry "USA"]
[SourceTitle "The Week in Chess 831"]
[Source "Mark Crowther"]
[SourceDate "2010.10.11"]
[SourceVersion "1"]
[SourceVersionDate "2010.10.11"]
[SourceQuality "2"]

1. d4 Nf6 2. c4 e6 3. Nf3 Bb4+ 4. Nbd2 O-O 5. a3 Be7 6. e4 d5 7. e5 Nfd7 8. Bd3 c5 9. cxd5 exd5 10. O-O Nc6 11. Re1 a5 12. Nf1 cxd4 13. Ng3 Nc5 14. Bc2 Be6 15. Nxd4 Nxd4 16. Qxd4 Qc8 17. Be3 b6 18. Rac1 Qb7 19. b4 axb4 20. axb4 Na6 21. Bd2 Nc7 22. f4 f5 23. Nxf5 1-0

[Event "USCL"]
[Site "ICC INT"]
[Date "2010.09.13"]
[Round "4"]
[White "Dehmelt, Karl"]
[Black "Kaufman, Raymond"]
[Result "1/2-1/2"]
[WhiteElo "2285"]
[BlackElo "2286"]
[PlyCount "54"]
[GameId "2129405076215074"]
[EventDate "2010.08.23"]
[EventType "team"]
[EventRounds "10"]
[EventCountry "USA"]
[SourceTitle "The Week in Chess 828"]
[Source "Mark Crowther"]
[SourceDate "2010.09.20"]
[SourceVersion "1"]
[SourceVersionDate "2010.09.20"]
[SourceQuality "2"]

1. e4 c6 2. d4 d5 3. exd5 cxd5 4. c4 Nf6 5. Nc3 Nc6 6. Nf3 Bg4 7. cxd5 Nxd5 8. Qb3 Bxf3 9. gxf3 e6 10. Qxb7 Nxd4 11. Bb5+ Nxb5 12. Qc6+ Ke7 13. Qxb5 Qd7 14. Nxd5+ Qxd5 15. Qxd5 exd5 16. Be3 Ke6 17. Rc1 Bd6 18. O-O Rhc8 19. Rxc8 Rxc8 20. Bxa7 Ra8 21. Bd4 Rxa2 22. Re1+ Kf5 23. Re8 g6 24. Rd8 Ke6 25. Re8+ Kf5 26. Rd8 Ke6 27. Re8+ Kf5 1/2-1/2

[Event "USCL"]
[Site "ICC INT"]
[Date "2010.09.27"]
[Round "6"]
[White "Harper, Warren"]
[Black "Kaufman, Raymond"]
[Result "1-0"]
[WhiteElo "2304"]
[BlackElo "2286"]
[PlyCount "81"]
[GameId "2129405076215140"]
[EventDate "2010.08.23"]
[EventType "team"]
[EventRounds "10"]
[EventCountry "USA"]
[SourceTitle "The Week in Chess 830"]
[Source "Mark Crowther"]
[SourceDate "2010.10.04"]
[SourceVersion "1"]
[SourceVersionDate "2010.10.04"]
[SourceQuality "2"]

1. e4 e5 2. Nf3 Nc6 3. Nc3 Nf6 4. a3 g6 5. Nxe5 Nxe5 6. d4 Nc6 7. d5 Bg7 8. dxc6 bxc6 9. Be2 O-O 10. O-O Re8 11. Bf3 d6 12. Bg5 h6 13. Be3 a5 14. Qd2 g5 15. e5 Rxe5 16. Bxc6 Rb8 17. f4 Rxe3 18. Qxe3 Ng4 19. Qd2 Qf6 20. Rad1 gxf4 21. Rxf4 Qe5 22. Nd5 Be6 23. b4 axb4 24. axb4 Qg5 25. Re4 Ne5 26. Qxg5 hxg5 27. b5 f5 28. Ra4 Nxc6 29. bxc6 Bxd5 30. Rxd5 Rb1+ 31. Kf2 Rc1 32. c4 Rc2+ 33. Kf1 Be5 34. Ra7 Kf7 35. Rxc7+ Ke6 36. Rb5 Rxc4 37. Rc8 f4 38. Rb7 Kd5 39. c7 Ke4 40. Re8 f3 41. c8=Q 1-0